000 00558nam a2200217Ia 4500
003 OSt
005 20220924135012.0
006 a|||||r|||| 00| 0
007 ta
008 220923b |||||||| |||| 00| 0 ben d
024 _a288237
037 _cTextual
040 _aARTS
_cARTS
_bben
041 _2ben
_aben
082 _aN844wM09, 157K8
100 _aAbbasuddin Ahamad
_9209662
245 0 _aAmar silpi jeebaner - katha
260 _c1968
942 _hN844wM09, 157K8
_cTEXL
_2CC
999 _c439428
_d439428